Sports Quiz

Random Sports or Soccer Quiz

Тайсон в Україні Quiz Stats

 Plays Quiz not verified by Sporcle

Support Sporcle.
Go Orange.
Score 0/10 Timer 03:00
0 Plays Today
Question Answer Wrong Answers
Кому Тайсон забив дебютний гол за «Металіст»? ???
67%
???
14.1%
???
18.9%
Якому клубу Тайсон забив супергол в стилі Марко ван Бастена? ???
66%
???
14.8%
???
19%
Перехід Тайсона з «Металіста» в «Шахтар» став найдорожчим внутрішнім трансфером в історії вітчизняного футболу. ???
65.8%
???
34%
Найбільше в УПЛ Тайсон забив... ???
56.6%
???
28.2%
???
14.1%
Тайсон, коли грав за «Металіст», забив найшвидший гол українських клубів у єврокубках. Проти кого бразилець встановив це досягнення? ???
53.6%
???
20.4%
???
25.8%
Тайсон став першим гравцем в історії Ліги Європи, який забивав у сімох розіграшах турніру. ???
48.1%
???
50.9%
Під яким номером починав грати Тайсон в «Шахтарі»? ???
45.3%
???
18.5%
???
35.8%
Скільки голів за «Шахтар» Тайсон забив в цьому сезоні у всіх турнірах? ???
44.3%
???
35.7%
???
18.4%
Якій команду Тайсон забив свій перший гол за «Шахтар» в УПЛ? ???
39.8%
???
13.9%
???
45.7%
Скільки червоних карток отримав Тайсон за час виступів у «Металісті» та «Шахтарі»? ???
38.8%
???
17.6%
???
42.4%

You're not logged in!

Compare scores with friends on all Sporcle quizzes.
OR
Log In

From the Vault

Wimbledon Winners

by Derek

We think you are gonna Love this game - get it Love, tennis, scoring...anyway have fun guessing.
Remove Ads.
Support Sporcle.
Get the best of Sporcle when you Go Orange. This ad-free experience offers more features, more stats, and more fun while also helping to support Sporcle. Thank you for becoming a member.

Show Comments

Extras

Created Apr 18, 2021ReportNominate
Tags:Soccer Quiz

Top Quizzes Today


Score Distribution

Your Account Isn't Verified!

In order to create a playlist on Sporcle, you need to verify the email address you used during registration. Go to your Sporcle Settings to finish the process.

Report this User

Report this user for behavior that violates our Community Guidelines.

Details: